000 00754nam a2200265 a 4500
999 _c4678
_d4678
003 PK-NaQUE
005 20250326140957.0
008 250326b ||||| |||| 00| 0 eng d
020 _a1111138214 (paperback)
020 _a9781111138219 (paperback)
040 _cQUEST
082 _a005.8WHI
100 1 _aWhitman, Michael E.
245 1 0 _aPrinciples of Information Security
250 _a4th ed.
260 _aNew Delhi
_bCengage Learning,
_c2013.
300 _axxix,619 p. ;
650 _aComputer Security
650 _aComputer Networks
650 _aInformation Technology
650 _aSecurity Measures
700 1 _aMattord, Herbert J.
856 4 0 _uhttp://10.10.170.122:8080/browse/book/5666
_yDownload eBook
942 _cBK
_2ddc